| 000 | 00404nam a2200121Ia 4500 | ||
|---|---|---|---|
| 008 | 220216s9999 xx 000 0 und d | ||
| 100 | _aLeblanc J L | ||
| 245 | 0 | _aDiscrepancies in testing rubber compounds with different commercial capillary rheometers | |
| 260 |
_bPlastics, Rubber and Composites Processing and Applications _c1994 |
||
| 300 | _a81-88 | ||
| 650 | _aRubber compound testing | ||
| 942 | _cJS | ||
| 999 |
_c57232 _d57232 |
||